Japanese Castle Picture Quiz - Statistics

General Stats
  • This quiz has been taken 41 times
  • The average score is 7 of 14
Answer Stats
Picture Answer % Correct
Himeji Castle
97%
Osaka Castle
88%
Matsumoto Castle
82%
Nagoya Castle
82%
Kumamoto Castle
70%
Okayama Castle
61%
Hiroshima Castle
52%
Matsuyama Castle
48%
Hikone Castle
42%
Nijo Castle
42%
Uwajima Castle
24%
Bitchu-Matsuyama Castle
21%
Aizu-Wakamatsu Castle
15%
Ozu Castle
15%
No matching quizzes found
Score Distribution
Percent of People with Each Score
Percentile by Number Answered
Your Score History
You have not taken this quiz